| 000 | 00848nam a2200265 a 4500 | ||
|---|---|---|---|
| 001 | 000018397 | ||
| 005 | 20200929165506.0 | ||
| 008 | 100504s1965 sp 000 f spa d | ||
| 040 | _aDO-SdBNP | ||
| 041 | 1 | 7 |
_aspa _heng _2Código de idioma MARC |
| 082 |
_a813.54 _bB964a |
||
| 100 | 1 |
_aBurnett, W. R., _q(William Riley) _d1899-1982 _939840 |
|
| 240 | 1 | 0 |
_aUnderdog, _lEspañol. |
| 245 | 1 | 0 |
_aAcosado / _cW. R. Burnett ; traducción de Ramiro Sánchez Sanz. |
| 260 |
_aBarcelona : _bLuis de Caralt, _c1965. |
||
| 300 |
_a255 ; _c21 cm. |
||
| 490 | 1 | _aGigante | |
| 534 |
_pTítulo orinal en inglés: _tUnderdog |
||
| 650 | 4 |
_aNovela estadounidense _9262 |
|
| 650 | 4 |
_aLiteratura estadounidense _ySIGLO XX _96874 |
|
| 700 | 1 |
_aSánchez Sanz, Ramiro, _etr. _939841 |
|
| 830 | 0 |
_aGigante _94165 |
|
| 910 | _aCatalogación original | ||
| 049 | _aBNGR | ||
| 999 |
_c17918 _d17918 |
||